| 000 | 00386cam a22001337a 4500 | ||
|---|---|---|---|
| 008 | 180718b1979 xxu||||| |||| 00| 0 eng d | ||
| 082 | _aA99 J319 G956 | ||
| 100 | _aGunjal, S.R. | ||
| 245 |
_aBDJ: a portrait of the vice-president _cby S.R. Gunjal |
||
| 260 |
_aNew Delhi _bSterling _c1979 |
||
| 300 | _a90p. | ||
| 650 | _aVice-Presidents - India | ||
| 650 | _aJatti, Basappa Danappa, 1912 | ||
| 999 |
_c345196 _d345196 |
||